| 000 | 00595nam a2200133Ia 4500 | ||
|---|---|---|---|
| 008 | 0000002005 cr d 0000000000spa00 | ||
| 090 | _aAVP02 B32b2 | ||
| 245 | 1 | 0 | _aBienal costarricense 2005 [Disco compacto] |
| 300 | _a1 CD ROM bajo Windows ; 12 cm. | ||
| 500 | _aEl ejemplar 2 está en NUEVA COLECCIóN (NC), según convenio No. 4600003556 (2012) con la Cámara de Comercio de Bogotá. \ | ||
| 505 | _aMira Valencia Oscar Raul Rivas Regina Aguilar Veronica Vides Walter Iraheta | ||
| 650 | 1 | 4 | _aARTE CONTEMPORANEO CDROM |
| 999 |
_c8852 _d8852 |
||
| 260 |
_aSan José (Costa Rica) : <s.n.> _c2005 |
||